000 00589nam a2200181Ia 4500
008 151202s9999||||xx |||||||||||||| ||und||
082 _bPNVM-32285
100 _aभावे पु.भा.
245 _aआदेश विरुद अत्रे.
260 _b"मेनका प्रकाशन,पुणे."
260 _c1978
300 _a136
600 _aभावे पु.भा.
630 _aआदेश विरुद अत्रे.
700 _aभावे पु.भा.
730 _aआदेश विरुद अत्रे.
942 _cBOOK
999 _c1298246
_d1298243